Acústica arquitectónica aplicada.
Uloženo v:
| Hlavní autor: | |
|---|---|
| Médium: | Kniha |
| Jazyk: | španělština |
| Vydáno: |
Madrid, España
Paraninfo
1999
|
| Témata: | |
| Tagy: |
Přidat tag
Žádné tagy, Buďte první, kdo vytvoří štítek k tomuto záznamu!
|
MARC
| LEADER | 00000nam a2200000 a 4500 | ||
|---|---|---|---|
| 001 | UCL7480 | ||
| 003 | CL-VaPUC | ||
| 005 | 20230622124507.0 | ||
| 008 | 040520e19990000SP |||||||||||||||||spa|d | ||
| 999 | |c 309198 |d 309196 | ||
| 020 | |a 8428325715 | ||
| 040 | |c Pontificia Universidad Católica de Valparaíso | ||
| 082 | 0 | 4 | |a 690.2 REC 1999 |2 21 |
| 100 | 0 | |a Recuero López, Manuel |9 485328 | |
| 245 | 1 | 0 | |a Acústica arquitectónica aplicada. |
| 260 | 0 | 3 | |a Madrid, España |b Paraninfo |c 1999 |
| 300 | |a 773 páginas | ||
| 500 | |a Incluye CD-ROM | ||
| 583 | |a last modification |c 20170406 02:53:44 |k Rodrigo Vera | ||
| 650 | 0 | |a Acústica |9 265389 | |
| 650 | 0 | |a Diseño arquitectónico |9 265271 | |
| 650 | 0 | |a Aislamiento acústico |9 267154 | |
| 650 | 7 | |a RUIDO |2 CL-VaPUC |9 263306 | |
| 942 | |c BK |2 ddc | ||
| 945 | |d 20040520 00:00:00 |a cmena | ||
| 952 | |0 0 |1 0 |2 ddc |4 0 |6 690_200000000000000_REC_1999 |7 0 |8 A |9 376557 |a BIBING |b BIBING |d 2019-11-21 |i 4018354 |o 690.2 REC 1999 |p 4018354 |r 2025-01-20 |t 1 |w 2019-11-21 |y BK |k EIE | ||